00679nam a2200205 4500010001300000020003100013035001300044037001800057040001200075082001500087100001600102245004500118260004700163270005800210300002500268505007300293650004700366650003700413650002300450 aB-121604 a8176296287(Set)c2000(Set) aB-121604 bCen Lib / Ret aDPLbEN a810.8bGOE aGoel, Aruna aAncient sanskrit visdom /cby Aruna Goel aDelhibDeep & Deep Publications Pvt c2005 a3190, Mohindra Park Tihar Village bNew Delhie110034 av 1. vii, 284 b24cm av 1. Modern Science and Beyond ; v 2. Current problems and solutions aVedic literature -- History and criticism. aPhilosophy and science -- India. aPhilosophy, Indic.